Ezhuthinte althara(എഴുത്തിൻെറ അൾത്താര) (Record no. 115276)

MARC details
000 -LEADER
fixed length control field 00456 a2200157 4500
005 - DATE AND TIME OF LATEST TRANSACTION
control field 20260425091635.0
008 - FIXED-LENGTH DATA ELEMENTS--GENERAL INFORMATION
fixed length control field 260420b |||||||| |||| 00| 0 eng d
020 ## - INTERNATIONAL STANDARD BOOK NUMBER
International Standard Book Number 9789370983885
080 ## - UNIVERSAL DECIMAL CLASSIFICATION NUMBER
Universal Decimal Classification number 89M-94
Item number BAL/E
100 ## - MAIN ENTRY--PERSONAL NAME
Personal name Balakrishnan,C. V.
245 ## - TITLE STATEMENT
Title Ezhuthinte althara(എഴുത്തിൻെറ അൾത്താര)
260 ## - PUBLICATION, DISTRIBUTION, ETC. (IMPRINT)
Name of publisher, distributor, etc D C books.
Place of publication, distribution, etc Kottayam.
Date of publication, distribution, etc 2025.
300 ## - PHYSICAL DESCRIPTION
Extent 144p.
653 ## - INDEX TERM--UNCONTROLLED
Uncontrolled term Memories-Malayalam Literature
942 ## - ADDED ENTRY ELEMENTS (KOHA)
item type Books
Holdings
Lost status Source of classification or shelving scheme Not for loan Home library Current library Date acquired Cost, normal purchase price Total Checkouts Full call number Barcode Date last seen Cost, replacement price Price effective from Koha item type Public note
  Universal Decimal Classification Not For Loan University Library University Library 27/02/2026 132.67   89M-94 BAL/E 00097355 27/02/2026 199.00 27/02/2026 Books Processing
University Library, CUSAT